000 00260nam a22001217a 4500
020 _a0-7214-1952-6
082 _a823
_bLAD/G
245 _aTHE GINGERBREAD MAN
260 _aITALY
_bLADY BIRD
300 _a29
650 _aENGLISH SHORT STORY
_zITALY
942 _cBK
999 _c2138
_d2138